000
00217 a2200097 4500
001
13384
100
_a
Panikk or K.M
245
_a
Angola in flames
260
_a
London
_b
Asia publishing house
_c
090
_c
10398
_d
10398
942
_a
NUST-CAE
_c
M
_c
445
999
_c
248457
_d
248457